书目信息 |
| 题名: |
无产阶级专政学说史
|
|
| 作者: | ;中国社会科学院哲学研究所《无产阶级政治学说史》编写组 | |
| 分册: | ||
| 出版信息: | 长春 吉林人民出版社 1979.1 |
|
| 页数: | 224页 | |
| 开本: | 20cm | |
| 丛书名: | ||
| 单 册: | ||
| 中图分类: | D04 | |
| 科图分类: | ||
| 主题词: | 社会主义革命--理论 , 无产阶级专政--理论 , 社会主义革命--关系--无产阶级专政 | |
| 电子资源: | ||
| ISBN: | ||
| 000 | 00822nam0 2200229 45 | |
| 001 | 0301090950 | |
| 005 | 20060728104241.29 | |
| 010 | @dCNY0.59 | |
| 091 | @a11091.35 | |
| 100 | @a20030109d1979 km y0chiy0120 ea | |
| 101 | 0 | @achi |
| 200 | 1 | @a无产阶级专政学说史@AWu Chan Jie Ji Zhuan Zheng Xue Shuo Shi@e1842-1895@f中国社会科学院哲学研究所《无产阶级政治学说史》编写组@FZhong Guo She Hui Ke Xue Yuan Zhe Xue Yan Jiu Suo《Wu Chan Jie Ji Zheng Zhi Xue Shuo Shi》Bian Xie Zu |
| 210 | @a长春@c吉林人民出版社@d1979.1 | |
| 215 | @a224页@d20cm | |
| 517 | @a1842-1895 | |
| 606 | 0 | @a社会主义革命@x理论 |
| 606 | 0 | @a无产阶级专政@x理论 |
| 606 | 0 | @a社会主义革命@x关系@x无产阶级专政 |
| 690 | @aD04@v3 | |
| 711 | 02 | @a中国社会科学院哲学研究所《无产阶级政治学说史》编写组 |
| 801 | @aCN@bTSTC@c20060728 | |
| 905 | @dD04@e1@f1@b5661 | |
| 无产阶级专政学说史:1842-1895/中国社会科学院哲学研究所《无产阶级政治学说史》编写组.-长春:吉林人民出版社,1979.1 |
| 224页;20cm |
| ISBN :CNY0.59 |
| ● |
| 相关链接 |
|
|
|
|
正题名:无产阶级专政学说史
索取号:D04/1
 
预约/预借
| 序号 | 登录号 | 条形码 | 馆藏地/架位号 | 状态 | 备注 |
| 1 | 0005660 | 001759859 | 密集书库/ [索取号:D04/1] | 在馆 | |
| 2 | 0005661 | 001020157 | 第一样本阅览室/ [索取号:D04/1] | 在馆 | |
| 3 | 0424796 | 204247966 | 密集书库/ [索取号:D04/1] | 在馆 | |
| 4 | 0440357 | 204403573 | 密集书库/ [索取号:D04/1] | 在馆 |